01444nam a22003617a 4500003000500000005001700005008004100022010001000063011001000073035001000083040000900093090001000102100004100112245018800153260004300341300001900384502008000403590003700483590004100520590004100561590004100602590004100643590004200684650004900726650003500775650003400810650003300844901000700877942001000884949004300894999001700937952012800954CHAP20220329140303.0971013s1973 r 00010 d a49794 a50766 a54916 cCHAP aTesis00aVillanueva Polanco, Pedro T.9119512 aPrueba de adaptación y rendimiento de 12 variedades de cacahuate en el Centro de Investigaciones Agrícolas de la Península de Yucatán localizado en el Municiapio de Muna, Yuc. aCd. Juárez. Chih. :bEl autor,c1973 a45 h.b: ilus. aTesis (Ing. Agrónomo) -- Escuela Superior de Agricultura Hermanos Escobar aALEPHb10c20130110lUCH01h1322 aBATCH-UPDb10c20130110lUCH01h0003 aBATCH-UPDb10c20130110lUCH01h0556 aBATCH-UPDb10c20130410lUCH01h0237 aBATCH-UPDb10c20130914lUCH01h0802 aCONVERSIONb10c20130109lUCH01h132714aCacahuatexEfecto del medio ambiente.91686414aCacahuatexRendimiento.91690014aCacahuatexVariedades.91691214aCacahuatexYucatán.916914 aBK cTESIS bBCcTESd-120861eTS1h19511i54916si c49794d49794 00102local4051708TESISaBCbBCcPA_TESISd2019-12-31fTESISl0oTesisp-120861r2019-12-31 00:00:00w2019-12-31yTESIS